[Event "WSTCC-65 2020"]
[Site "Prague"]
[Date "2020.03.06"]
[Round "1.45"]
[White "Ackermann, Hans Werner"]
[Black "Galandauer, Jan"]
[Result "1-0"]
[WhiteElo "2242"]
[BlackElo "1949"]
[Annotator "ChessBase"]
[PlyCount "97"]
[EventDate "2020.03.06"]
[EventType "team-tourn"]
[EventCountry "CZE"]
[SourceTitle "playchess.com"]
[Source "ChessBase"]
[SourceQuality "1"]
[TimeControl "40/5400+30:1800+30"]

1. Nf3 {[%emt 0:00:00]} d5 {[%emt 0:00:00]} 2. b3 {[%emt 0:00:01]} Nc6 {[%emt 0:01:12]} 3. Bb2 {[%emt 0:00:47]} Bg4 {[%emt 0:02:42]} 4. e3 {[%emt 0:03:38]} Nf6 {[%emt 0:05:07]} 5. d4 {[%emt 0:00:57]} e6 {[%emt 0:01:04]} 6. a3 {[%emt 0:00:25]} Bd6 {[%emt 0:01:41]} 7. c4 {[%emt 0:00:56]} O-O {[%emt 0:05:37]} 8. Nc3 {[%emt 0:04:25]} dxc4 {[%emt 0:03:13]} 9. bxc4 {[%emt 0:01:23]} e5 {[%emt 0:00:17]} 10. d5 {[%emt 0:00:47]} Ne7 {[%emt 0:03:38]} 11. h3 {[%emt 0:03:56]} Bh5 {[%emt 0:00:57]} 12. g4 {[%emt 0:06:53]} Bg6 {[%emt 0:00:16]} 13. Nd2 {[%emt 0:00:49]} c6 {[%emt 0:03:58]} 14. h4 {[%emt 0:06:31]} h5 {[%emt 0:00:41]} 15. g5 {[%emt 0:00:37]} Ng4 {[%emt 0:09:43]} 16. Be2 {[%emt 0:06:08]} f5 {[%emt 0:00:56]} 17. Bxg4 {[%emt 0:04:30]} fxg4 {[%emt 0:00:27]} 18. Nde4 {[%emt 0:00:17]} cxd5 {[%emt 0:02:02]} 19. cxd5 {[%emt 0:00:56]} Bxe4 {[%emt 0:02:02]} 20. Nxe4 {[%emt 0:00:17]} Nf5 {[%emt 0:04:40]} 21. Qb3 {[%emt 0:01:51]} Qa5+ {[%emt 0:03:51]} 22. Bc3 {[%emt 0:00:53]} Qc7 {[%emt 0:00:17]} 23. Rb1 {[%emt 0:16:28]} b6 {[%emt 0:03:14]} 24. Nxd6 {[%emt 0:03:20]} Qxd6 {[%emt 0:00:22]} 25. Bb4 {[%emt 0:00:09]} Qd7 {[%emt 0:04:14]} 26. Bxf8 {[%emt 0:02:35]} Rxf8 {[%emt 0:00:11]} 27. Rb2 {[%emt 0:06:28]} g3 {[%emt 0:00:58]} 28. f3 {[%emt 0:10:30]} Rc8 {[%emt 0:06:46]} 29. Rc2 {[%emt 0:01:11]} Rxc2 {[%emt 0:01:28]} 30. Qxc2 {[%emt 0:00:08]} Nxe3 {[%emt 0:00:10]} 31. Qc6 {[%emt 0:01:23]} Qf7 {[%emt 0:08:33]} 32. Qe6 {[%emt 0:02:37]} Nxd5 {[%emt 0:00:43]} 33. Qxf7+ {[%emt 0:00:53]} Kxf7 {[%emt 0:00:18]} 34. Rg1 {[%emt 0:00:13]} Ne3 {[%emt 0:03:04]} 35. Rxg3 {[%emt 0:01:01]} Nc2+ 36. Ke2 {[%emt 0:05:53]} b5 {[%emt 0:02:23]} 37. f4 {[%emt 0:05:57]} exf4 {[%emt 0:00:23]} 38. Rd3 {[%emt 0:00:14]} Ke6 {[%emt 0:00:47]} 39. Rd8 {[%emt 0:01:37]} Nxa3 {[%emt 0:01:06]} 40. Kf3 {[%emt 0:00:00]} a5 {[%emt 0:00:00]} 41. Kxf4 {[%emt 0:00:21]} Nc4 {[%emt 0:02:35]} 42. Rg8 {[%emt 0:02:36]} b4 {[%emt 0:05:28]} 43. Rxg7 {[%emt 0:01:31]} b3 {[%emt 0:00:19]} 44. Rb7 {[%emt 0:00:05]} a4 {[%emt 0:00:21]} 45. g6 {[%emt 0:00:06]} Nd6 {[%emt 0:12:09]} 46. Rb6 {[%emt 0:09:35]} b2 {[%emt 0:02:45]} 47. Rxb2 {[%emt 0:00:20]} Ne8 {[%emt 0:00:23]} 48. Rb6+ {[%emt 0:00:18]} Ke7 {[%emt 0:00:17]} 49. Ra6 {[%emt 0:00:40]} 1-0

[Event "WSTCC-65 2020"]
[Site "Prague"]
[Date "2020.03.06"]
[Round "1.46"]
[White "Fiser, Jiri"]
[Black "Baum, Bernd"]
[Result "0-1"]
[WhiteElo "2134"]
[BlackElo "2249"]
[Annotator "ChessBase"]
[PlyCount "100"]
[EventDate "2020.03.06"]
[EventType "team-tourn"]
[EventCountry "CZE"]
[SourceTitle "playchess.com"]
[Source "ChessBase"]
[SourceQuality "1"]
[TimeControl "40/5400+30:1800+30"]

1. e4 {[%emt 0:00:00]} c5 {[%emt 0:00:00]} 2. Nf3 {[%emt 0:00:00]} Nc6 {[%emt 0:00:00]} 3. Bb5 {[%emt 0:00:06]} d6 {[%emt 0:01:04]} 4. O-O {[%emt 0:00:24]} Bd7 {[%emt 0:00:03]} 5. c3 {[%emt 0:01:03]} a6 {[%emt 0:05:55]} 6. Ba4 {[%emt 0:00:17]} Nf6 {[%emt 0:01:05]} 7. Re1 {[%emt 0:02:09]} e5 {[%emt 0:07:20]} 8. d4 {[%emt 0:03:10]} b5 {[%emt 0:00:41]} 9. Bc2 {[%emt 0:00:29]} Bg4 {[%emt 0:03:32]} 10. dxc5 {[%emt 0:06:40]} dxc5 {[%emt 0:00:18]} 11. Bg5 {[%emt 0:00:45]} Be7 {[%emt 0:01:14]} 12. Nbd2 {[%emt 0:02:26]} O-O {[%emt 0:00:43]} 13. h3 {[%emt 0:05:28]} Be6 {[%emt 0:00:46]} 14. Bxf6 {[%emt 0:04:09]} Bxf6 {[%emt 0:01:05]} 15. Nf1 {[%emt 0:00:05]} Qxd1 {[%emt 0:04:45]} 16. Rexd1 {[%emt 0:00:43]} Rfd8 {[%emt 0:00:15]} 17. Ne3 {[%emt 0:01:33]} Ne7 {[%emt 0:06:40]} 18. a3 {[%emt 0:07:39]} h5 {[%emt 0:07:00]} 19. Rxd8+ {[%emt 0:02:07]} Rxd8 {[%emt 0:00:03]} 20. Rd1 {[%emt 0:00:08]} Rxd1+ {[%emt 0:01:29]} 21. Bxd1 {[%emt 0:00:03]} Ng6 {[%emt 0:01:49]} 22. Be2 {[%emt 0:05:12]} Nf4 {[%emt 0:02:30]} 23. Bf1 {[%emt 0:00:03]} Kf8 {[%emt 0:09:03]} 24. Kh2 {[%emt 0:01:56]} c4 {[%emt 0:05:34]} 25. Ne1 {[%emt 0:02:00]} Bc8 {[%emt 0:01:17]} 26. g3 {[%emt 0:01:10]} Ne6 {[%emt 0:03:53]} 27. h4 {[%emt 0:15:31]} Nc5 {[%emt 0:04:48]} 28. f3 {[%emt 0:00:55]} g5 {[%emt 0:06:32]} 29. N1g2 {[%emt 0:11:38]} Bb7 {[%emt 0:02:57]} 30. Kg1 {[%emt 0:09:27]} gxh4 {[%emt 0:10:13]} 31. gxh4 {[%emt 0:00:02]} Bg7 {[%emt 0:00:48]} 32. Kf2 {[%emt 0:09:40]} Bh6 {[%emt 0:01:14]} 33. Ke1 {[%emt 0:02:34]} Na4 {[%emt 0:01:06]} 34. Kd1 {[%emt 0:01:15]} Nxb2+ {[%emt 0:00:41]} 35. Kc2 {[%emt 0:00:01]} Na4 {[%emt 0:00:23]} 36. Nf5 {[%emt 0:01:25]} Bg7 {[%emt 0:02:20]} 37. Ng3 {[%emt 0:00:25]} Bf6 {[%emt 0:01:10]} 38. Nxh5 {[%emt 0:00:10]} Be7 {[%emt 0:00:13]} 39. Ng3 {[%emt 0:01:12]} Bxa3 {[%emt 0:00:31]} 40. Ne3 {[%emt 0:00:00]} Bc5 {[%emt 0:00:00]} 41. Ngf5 {[%emt 0:00:32]} Bxe3 {[%emt 0:07:00]} 42. Nxe3 {[%emt 0:00:04]} Nc5 {[%emt 0:00:15]} 43. Ng4 {[%emt 0:01:09]} Nd7 {[%emt 0:01:00]} 44. Ne3 {[%emt 0:02:35]} Bc6 {[%emt 0:03:40]} 45. Bh3 {[%emt 0:01:35]} Nf6 {[%emt 0:01:20]} 46. Bc8 {[%emt 0:02:07]} a5 {[%emt 0:00:04]} 47. Ba6 {[%emt 0:00:40]} Ke8 {[%emt 0:08:22]} 48. Nf5 {[%emt 0:00:23]} Kd7 {[%emt 0:04:07]} 49. Ng7 {[%emt 0:00:33]} Kc7 {[%emt 0:01:50]} 50. h5 {[%emt 0:00:14]} Bd7 {[%emt 0:01:04]} 0-1

[Event "WSTCC-65 2020"]
[Site "Prague"]
[Date "2020.03.06"]
[Round "1.47"]
[White "Kierzek, Matthias"]
[Black "Pavlicek, Petr"]
[Result "1-0"]
[WhiteElo "2217"]
[BlackElo "1898"]
[Annotator "ChessBase"]
[PlyCount "79"]
[EventDate "2020.03.06"]
[EventType "team-tourn"]
[EventCountry "CZE"]
[SourceTitle "playchess.com"]
[Source "ChessBase"]
[SourceQuality "1"]
[TimeControl "40/5400+30:1800+30"]

1. d4 {[%emt 0:00:00]} Nf6 {[%emt 0:00:00]} 2. c4 {[%emt 0:00:00]} g6 {[%emt 0:00:00]} 3. Nc3 {[%emt 0:00:00]} d5 {[%emt 0:00:03]} 4. cxd5 {[%emt 0:00:00]} Nxd5 {[%emt 0:00:07]} 5. Bd2 {[%emt 0:00:04]} Bg7 {[%emt 0:02:09]} 6. e4 {[%emt 0:00:11]} Nb6 {[%emt 0:00:07]} 7. Be3 {[%emt 0:00:05]} O-O {[%emt 0:00:30]} 8. Be2 {[%emt 0:00:05]} Nc6 {[%emt 0:02:05]} 9. Nf3 {[%emt 0:00:12]} Bg4 {[%emt 0:01:11]} 10. d5 {[%emt 0:00:06]} Na5 {[%emt 0:03:24]} 11. Bd4 {[%emt 0:00:14]} Bxf3 {[%emt 0:09:24]} 12. gxf3 {[%emt 0:00:10]} e5 {[%emt 0:02:09]} 13. Bc5 {[%emt 0:08:59]} Nac4 {[%emt 0:03:37]} 14. Bxf8 {[%emt 0:02:51]} Bxf8 {[%emt 0:00:11]} 15. Qb3 {[%emt 0:05:17]} Nd6 {[%emt 0:00:35]} 16. h4 {[%emt 0:00:57]} h5 {[%emt 0:03:02]} 17. O-O-O {[%emt 0:03:43]} Bh6+ {[%emt 0:06:04]} 18. Kb1 {[%emt 0:00:25]} a6 {[%emt 0:02:31]} 19. Rdg1 {[%emt 0:05:06]} Kh7 {[%emt 0:04:05]} 20. Nd1 {[%emt 0:07:00]} Nd7 {[%emt 0:02:07]} 21. Ne3 {[%emt 0:00:29]} b5 {[%emt 0:01:01]} 22. Rc1 {[%emt 0:01:34]} Ra7 {[%emt 0:09:59]} 23. Rc6 {[%emt 0:02:40]} Bf4 {[%emt 0:05:27]} 24. Qc2 {[%emt 0:12:08]} Nb8 {[%emt 0:02:49]} 25. Rc3 {[%emt 0:00:24]} Nd7 {[%emt 0:03:12]} 26. Rc1 {[%emt 0:12:42]} Ne8 {[%emt 0:01:04]} 27. Rh1 {[%emt 0:02:49]} Nd6 {[%emt 0:00:22]} 28. Qd3 {[%emt 0:05:33]} Qb8 {[%emt 0:05:59]} 29. Rc6 {[%emt 0:07:09]} Nb6 {[%emt 0:04:22]} 30. Ng2 {[%emt 0:02:04]} Nbc4 {[%emt 0:07:57]} 31. Nxf4 {[%emt 0:00:45]} exf4 {[%emt 0:00:09]} 32. Qd4 {[%emt 0:00:40]} Qh8 {[%emt 0:03:47]} 33. Qxh8+ {[%emt 0:02:41]} Kxh8 {[%emt 0:00:13]} 34. Rc1 {[%emt 0:01:24]} Nd2+ {[%emt 0:03:38]} 35. Ka1 {[%emt 0:01:35]} N6c4 {[%emt 0:00:56]} 36. b3 {[%emt 0:00:45]} Ne5 {[%emt 0:00:30]} 37. Rxc7 {[%emt 0:00:51]} Ra8 {[%emt 0:01:37]} 38. Re7 {[%emt 0:02:03]} Ndxf3 {[%emt 0:02:26]} 39. Bxf3 {[%emt 0:00:48]} Nxf3 {[%emt 0:00:09]} 40. d6 {[%emt 0:00:00]} 1-0

[Event "WSTCC-65 2020"]
[Site "Prague"]
[Date "2020.03.06"]
[Round "1.48"]
[White "Slechta, Karel"]
[Black "Herbrechtsmeier, Christof"]
[Result "0-1"]
[WhiteElo "1860"]
[BlackElo "2177"]
[Annotator "ChessBase"]
[PlyCount "58"]
[EventDate "2020.03.06"]
[EventType "team-tourn"]
[EventCountry "CZE"]
[SourceTitle "playchess.com"]
[Source "ChessBase"]
[SourceQuality "1"]
[TimeControl "40/5400+30:1800+30"]

1. e4 g6 {[%emt 0:00:00]} 2. d4 {[%emt 0:00:10]} Bg7 {[%emt 0:00:00]} 3. Bc4 {[%emt 0:01:58]} d5 {[%emt 0:01:31]} 4. exd5 {[%emt 0:02:10]} Nf6 {[%emt 0:02:01]} 5. Nc3 {[%emt 0:04:10]} Nbd7 {[%emt 0:00:16]} 6. Nf3 {[%emt 0:07:00]} Nb6 {[%emt 0:02:05]} 7. Bb3 {[%emt 0:00:27]} Nbxd5 {[%emt 0:00:26]} 8. Nxd5 {[%emt 0:02:57]} Nxd5 {[%emt 0:00:09]} 9. O-O {[%emt 0:00:44]} O-O {[%emt 0:00:34]} 10. Re1 {[%emt 0:03:20]} c6 {[%emt 0:06:25]} 11. c3 {[%emt 0:02:17]} Qd6 {[%emt 0:08:09]} 12. Bg5 {[%emt 0:07:55]} Be6 {[%emt 0:02:21]} 13. Qd2 {[%emt 0:02:42]} f6 {[%emt 0:12:23]} 14. Bh6 {[%emt 0:09:27]} Bf7 {[%emt 0:02:02]} 15. Bxg7 {[%emt 0:00:31]} Kxg7 {[%emt 0:00:07]} 16. Rad1 {[%emt 0:01:42]} b5 {[%emt 0:05:44]} 17. Re4 {[%emt 0:06:07]} Rae8 {[%emt 0:09:55]} 18. Bc2 {[%emt 0:03:45]} Rh8 {[%emt 0:06:49]} 19. g3 {[%emt 0:10:22]} g5 {[%emt 0:04:47]} 20. Rde1 {[%emt 0:01:26]} h6 {[%emt 0:01:43]} 21. Bb3 {[%emt 0:01:56]} Qd7 {[%emt 0:02:57]} 22. Kg2 {[%emt 0:03:36]} Bg6 {[%emt 0:01:18]} 23. Re6 {[%emt 0:02:55]} Bf5 {[%emt 0:00:50]} 24. Bxd5 {[%emt 0:01:54]} cxd5 {[%emt 0:04:59]} 25. R6e3 {[%emt 0:00:19]} h5 {[%emt 0:02:57]} 26. Ng1 {[%emt 0:04:42]} h4 {[%emt 0:00:39]} 27. Qe2 {[%emt 0:01:00]} Kf8 {[%emt 0:00:28]} 28. gxh4 {[%emt 0:04:51]} gxh4 {[%emt 0:03:07]} 29. Nh3 {[%emt 0:02:06]} Rg8+ {[%emt 0:04:45]} 0-1

[Event "WSTCC-65 2020"]
[Site "Prague"]
[Date "2020.03.07"]
[Round "2.1"]
[White "Balashov, Yuri S"]
[Black "Herzog, Adolf"]
[Result "0-1"]
[WhiteElo "2465"]
[BlackElo "2312"]
[Annotator "TA"]
[PlyCount "70"]
[EventDate "2020.03.06"]
[EventType "team-tourn"]
[EventCountry "CZE"]
[SourceTitle "playchess.com"]
[Source "ChessBase"]
[SourceQuality "1"]

{[%evp 13,70,0,12,4,0,6,6,1,13,0,11,-19,6,13,14,10,0,12,17,0,0,9,13,5,4,5,0,-20,-11,-52,-45,-52,-54,-47,-35,-24,-3,-3,-2,-2,-11,-20,-25,-93,-92,-101,-88,-90,-103,-91,-92,-109,-92,-145,-135,-171,-179,-745,-740]} 1. c4 e5 2. Nc3 Nf6 3. Nf3 Nc6 4. e3 Bb4 5. Qc2 O-O 6. Nd5 Re8 7. Bd3 h6 8. Nxf6+ {A28: English Opening: Four Knights Variation.} Qxf6 9. Bh7+ Kh8 {White must now prevent ...g6.} 10. Be4 {The position is equal.} Bf8 11. O-O Nb4 {[#]} 12. Qc3 $146 ({Predecessor:} 12. Qb1 c6 13. d4 exd4 14. Nxd4 d5 15. cxd5 cxd5 16. Bf3 Bc5 17. a3 Bxd4 18. axb4 {0-1 (39) Donchenko,A (2395)-Mnatsakanian,E (2425) Yerevan 1977}) 12... c6 13. a3 d5 14. Bb1 Na6 $1 15. d4 {[%cal Rd4e5]} exd4 16. Nxd4 c5 $36 {[%mdl 2048] Black has some pressure.} 17. Qd3 {[%csl Gb1][%cal Rd3h7]} g6 {aiming for ...dxc4.} 18. Ne2 dxc4 19. Qxc4 Be6 20. Qb5 Bd5 21. Nf4 Bc6 22. Qb3 Rad8 23. Bd3 Bd6 24. Bd2 Nc7 25. Bc3 {White threatens Qxf7 and mate.} Be5 26. Bxe5 Rxe5 27. Qc3 Kg7 28. Rad1 {[#]} (28. b4 $11) 28... Nd5 $1 $17 {[%cal Rd5c3]} 29. Nxd5 Rexd5 30. Qxf6+ Kxf6 31. Bc2 Rd2 32. Rfe1 b5 33. Rc1 (33. b4 $142) 33... c4 34. Kf1 {[#]} a5 $1 35. Red1 $2 {[#]} (35. b4) 35... Rxc2 $1 {[%mdl 512] Accuracy: White = 66%, Black = 100%.} 0-1

[Event "WSTCC-65 2020"]
[Site "Prague"]
[Date "2020.03.07"]
[Round "2.2"]
[White "Singer, Hans"]
[Black "Rashkovsky, Nukhim N"]
[Result "0-1"]
[WhiteElo "2168"]
[BlackElo "2440"]
[Annotator "TA"]
[PlyCount "84"]
[EventDate "2020.03.06"]
[EventType "team-tourn"]
[EventCountry "CZE"]
[SourceTitle "playchess.com"]
[Source "ChessBase"]
[SourceQuality "1"]

{[%evp 19,84,12,28,14,18,13,42,0,0,0,0,-17,53,-16,12,2,1,0,0,0,0,0,13,-43,-41,-44,-35,-40,-30,-84,-56,-64,-33,-41,-34,-33,-45,-66,-63,-66,-54,-136,-136,-155,-128,-189,-126,-270,-262,-500,0,-104,-72,-53,-68,-187,-28,-110,-29,-29,-33,-113,-120,-256,-245,-785,-802]} 1. d4 Nf6 2. c4 e6 3. Nf3 Bb4+ 4. Bd2 Qe7 5. g3 Nc6 6. Bg2 Bxd2+ 7. Nbxd2 a5 8. O-O d6 9. a3 a4 10. Qc2 O-O 11. Rac1 {E11: Bogo-Indian.} Bd7 {[#]} 12. e3 $146 ({Predecessor:} 12. e4 e5 13. d5 Na5 14. c5 Bb5 15. Rfe1 Nd7 16. cxd6 cxd6 17. Re3 Nc5 18. Bh3 b6 {½-½ (47) Tran,Q (2288)-Tu,H (2249) Ho Chi Minh City 2015}) 12... h6 13. c5 {White is slightly better.} Na5 14. Rfe1 Bb5 15. e4 Rfd8 (15... dxc5 $11 16. Qxc5 Qxc5 17. Rxc5 c6) 16. Qc3 (16. d5 $1 $14) 16... b6 17. cxb6 cxb6 18. Qb4 Be8 19. h3 Nc6 20. Qc3 d5 21. Qe3 ({White should play} 21. e5 $11 Nh7 22. Rc2) 21... dxe4 $15 22. Nxe4 Nd5 23. Qe2 Na5 24. Ned2 (24. Nc3 $11) 24... b5 25. Ne5 b4 26. Qd3 bxa3 27. bxa3 Rab8 28. Rb1 Rxb1 29. Rxb1 Qa7 30. Ndc4 (30. Bf1 $15) 30... Nb3 $1 $17 31. Rd1 Bb5 {...Qc7 is the strong threat.} 32. Bf1 (32. Qc2 $17) 32... Nf6 ({Black should try} 32... f6 $19 33. Ng4 Ne7) 33. Nf3 (33. Qe3 $17) 33... Na5 $19 34. Qc3 $2 (34. Nfe5 Rc8 35. Rc1) 34... Nb3 $2 (34... Nxc4 $19 35. Bxc4 Rc8) 35. Nce5 (35. Qd3 $1 $11) 35... Be8 36. Bc4 Qc7 37. Qd3 {[#]} (37. Qe3 $15) 37... Rb8 $2 (37... Nxd4 $1 $19 {[%mdl 512]} 38. Re1 (38. Nxd4 Qxe5) 38... Qa5) 38. Rb1 {[#]} (38. Ng4 $11) 38... Na5 (38... Nxd4 $1 $17 {[%mdl 512]} 39. Rxb8 (39. Qxd4 Rxb1+) 39... Nxf3+ 40. Qxf3 Qxb8) 39. Rxb8 Qxb8 40. Qc3 (40. Qc2 $15) 40... Nxc4 $17 41. Qxc4 (41. Nxc4 $17 {was the only defense.} Qb1+ 42. Kg2) 41... Qb2 $19 42. Qc5 $2 {[#]} (42. d5 exd5 43. Qd3) 42... Ne4 $1 {[%csl LRc5,LRf2][%mdl 576] Double Attack. Accuracy: White = 38%, Black = 61%.} 0-1

[Event "WSTCC-65 2020"]
[Site "Prague"]
[Date "2020.03.07"]
[Round "2.3"]
[White "Kalegin, Evgenij"]
[Black "Ager, Josef"]
[Result "1/2-1/2"]
[WhiteElo "2431"]
[BlackElo "2139"]
[Annotator "TA"]
[PlyCount "75"]
[EventDate "2020.03.06"]
[EventType "team-tourn"]
[EventCountry "CZE"]
[SourceTitle "playchess.com"]
[Source "ChessBase"]
[SourceQuality "1"]

{[%evp 29,75,24,31,23,29,7,13,0,30,32,46,-23,57,27,35,25,36,41,27,0,62,53,79,45,38,0,0,0,0,0,0,0,0,0,0,0,0,0,0,0,0,0,0,0,0,0,0,0]} 1. e4 e5 2. Nf3 Nc6 3. Bb5 a6 4. Ba4 Nf6 5. O-O b5 6. Bb3 Be7 7. d4 d6 8. c3 O-O 9. h3 Bb7 10. Re1 Re8 11. Nbd2 Bf8 12. a3 h6 13. Bc2 Nb8 14. b3 Nbd7 15. Bb2 g6 16. Rc1 {C93: Closed Ruy Lopez: Smyslov Variation.} Rb8 {[#]} 17. Bd3 $146 ({Predecessor:} 17. b4 Bg7 18. d5 c6 19. dxc6 Bxc6 20. c4 Ba8 21. Bd3 Nf8 22. a4 bxc4 23. Nxc4 Ne6 24. a5 {½-½ (26) Krzyzanowski,W (2484)-Gramstad,R (2457) ICCF email 2018}) 17... Bg7 18. Qc2 Nh5 19. Bf1 c6 20. c4 (20. b4 $14) 20... Rc8 (20... exd4 $11 21. Bxd4 Bxd4 22. Nxd4 Qf6) 21. b4 exd4 22. Bxd4 Bxd4 23. Nxd4 c5 24. bxc5 Nxc5 (24... dxc5 $11 25. N4b3 b4) 25. cxb5 $14 axb5 26. Bxb5 Nxe4 27. Nc6 Qb6 {The position is equal.} 28. Rxe4 Qxb5 29. Ne7+ {[#]} Rxe7 $1 {[%mdl 512]} 30. Qxc8+ $1 (30. Rxe7 Rxc2) 30... Bxc8 31. Rxc8+ Kg7 {aiming for ...Rxe4.} 32. Rxe7 {Ne4 is the strong threat.} Qg5 {[%mdl 64] Double Attack} 33. Rcc7 $1 Qxd2 34. Rxf7+ Kg8 35. Rfe7 {[%cal Re7e8] [#]} Kf8 $1 36. Rf7+ Kg8 37. Rfe7 {[%cal Re7e8]} Kf8 $1 38. Rf7+ {Accuracy: White = 75%, Black = 76%.} 1/2-1/2

[Event "WSTCC-65 2020"]
[Site "Prague"]
[Date "2020.03.07"]
[Round "2.4"]
[White "Danner, Lambert"]
[Black "Zhelnin, Vladimir V"]
[Result "0-1"]
[WhiteElo "2022"]
[BlackElo "2404"]
[Annotator "TA"]
[PlyCount "92"]
[EventDate "2020.03.06"]
[EventType "team-tourn"]
[EventCountry "CZE"]
[SourceTitle "playchess.com"]
[Source "ChessBase"]
[SourceQuality "1"]

{[%evp 19,92,24,29,17,41,0,3,0,19,15,17,11,36,0,22,0,0,-48,-7,-67,23,-1,0,0,10,9,11,0,20,22,14,10,13,7,19,-11,10,-12,0,-70,-39,-72,-17,-23,-17,-105,-3,-42,-10,-49,-40,-171,-183,-390,-93,-79,-81,-1020,-1019,-1000,-1016,-1003,-1006,-982,-977,-1020,-1020,-29987,-29988,-29988,-29989,-29994,-29995,-29995,-29992]} 1. g3 e5 2. c4 d6 3. Bg2 g6 4. Nc3 Bg7 5. Nf3 Nc6 6. Rb1 f5 7. d3 Nf6 8. b4 h6 9. b5 Ne7 10. O-O O-O 11. Qc2 {A26: English Opening vs King's Indian with ...Nc6 and d3.} Kh8 12. c5 {[#]} Be6 $146 ({Predecessor:} 12... g5 13. Ba3 Ng6 14. cxd6 cxd6 15. Nd2 Re8 16. Nc4 Bf8 17. Nd5 Nxd5 18. Bxd5 Qf6 {1-0 (42) Barwinski,D (2250)-Stanowska,M Warsaw 1994}) 13. Ba3 {The position is equal.} Rb8 14. Nd2 Ne8 15. e4 f4 16. Nd5 Rf7 (16... b6 {seems wilder.} 17. cxd6 cxd6 18. Rfc1 Qd7 19. Qa4 h5) 17. Nxe7 Qxe7 18. Qa4 Qd8 19. c6 (19. Bb2 $11) 19... b6 (19... Bxa2 $15 20. Ra1 Be6) 20. Bb2 Ra8 21. a3 a6 22. bxa6 {Black should prevent a7.} Ra7 23. Nf3 Qa8 24. d4 {[%cal Rd4e5]} Rxa6 25. Qc2 {[%cal Rd4e5]} Ra5 26. d5 Bc8 27. Rfc1 Kh7 28. Qd2 Ra4 29. Ne1 (29. Re1 $11) 29... h5 30. Rc3 Bh6 (30... Nf6 $17 31. f3 g5) 31. Qc2 $11 Nf6 {next ...Rxe4! is good for Black.} 32. Rc4 (32. gxf4 $11 Bxf4 33. f3) 32... Ra7 ({Black should play} 32... Rxc4 $17 33. Qxc4 fxg3 34. hxg3 Ng4) 33. Ra1 Ng4 $36 {[%mdl 2048] Threatens to win with ...fxg3. White is under pressure.} 34. Bf3 Ra5 35. Qb3 (35. Bc1 $15) 35... Ba6 {Hoping for ...fxg3.} 36. Ra4 $2 (36. Rc2) 36... Bb5 $2 (36... fxg3 $19 {has better winning chances.} 37. hxg3 {[#]} Be3 $1 {[%mdl 512]} 38. fxe3 Qf8 39. Bxe5 (39. Rxa5 {is a self mate.} Rxf3 40. Nxf3 Qxf3 {[%mdl 64] Double Attack} 41. Qc2 Be2 42. Qxe2 Qxe2 43. Bc3 Qh2+ {[%mdl 64] Double Attack} 44. Kf1 Qf2#) 39... dxe5) 37. Rxa5 $17 Qxa5 38. a4 $2 {[%mdl 8192]} (38. Bc3 $17 Qa6 39. Qb2) 38... fxg3 $19 39. hxg3 Qd2 40. Qc2 Qxc2 {[%mdl 64] [#] Overworked Piece} 41. Nxc2 Rxf3 42. axb5 Rxf2 43. Ra7 Rxc2 {Black mates.} 44. Rxc7+ Kg8 45. Ba3 Be3+ 46. Kf1 Bf2 {Accuracy: White = 38%, Black = 66%.} 0-1

[Event "WSTCC-65 2020"]
[Site "Prague"]
[Date "2020.03.07"]
[Round "2.5"]
[White "Birnboim, Nathan"]
[Black "Jimenez Molina, Juan Leon"]
[Result "1/2-1/2"]
[WhiteElo "2369"]
[BlackElo "2174"]
[Annotator "TA"]
[PlyCount "91"]
[EventDate "2020.03.06"]
[EventType "team-tourn"]
[EventCountry "CZE"]
[SourceTitle "playchess.com"]
[Source "ChessBase"]
[SourceQuality "1"]

{[%evp 9,91,-24,-3,-16,-18,-28,-20,-17,-24,-29,-18,-14,-13,-32,-47,-45,-47,-49,-57,-55,-52,-53,-63,-66,-67,-61,-35,-57,0,-32,-25,-50,-35,-36,-32,-37,-43,-40,-28,-45,-42,-55,-60,-60,-57,-60,-30,-22,-33,-27,-14,-3,0,0,0,0,0,0,0,0,0,0,0,0,0,0,0,0,0,0,0,0,0,0,0,0,0,0,0,0,0,0,0,0]} 1. e4 c5 2. Nf3 g6 3. d4 cxd4 4. Qxd4 Nf6 5. Bb5 a6 6. Ba4 {B27: Sicilian: 2 Nf3, unusual Black 2nd moves.} b5 $1 {[#] Hoping for ...Nc6.} 7. Bb3 {Threatens to win with e5.} Nc6 8. Qd3 Bg7 9. O-O O-O 10. Nc3 d6 11. h3 Bb7 12. a3 Rc8 {[#]} 13. Re1 $146 ({Predecessor:} 13. Bf4 Nd7 14. Rfe1 Nce5 15. Nxe5 Nxe5 16. Qd2 Nc4 17. Bxc4 Rxc4 18. e5 dxe5 19. Qxd8 Rxd8 20. Bxe5 Bxe5 21. Rxe5 {½-½ (57) Qadimbayli,G (1728)-Shoshin,V (1774) Varna 2010}) 13... Nd7 14. Ba2 Nce5 15. Nxe5 Nxe5 16. Qg3 Nc4 17. Nd1 a5 18. c3 {[#]} b4 $1 {[%mdl 512]} 19. axb4 axb4 20. Bxc4 Rxc4 21. Qd3 Qc7 {[%cal Rb4c3]} 22. Bd2 bxc3 23. Bxc3 Rc8 24. Bxg7 Kxg7 25. Nc3 Qb6 26. Re2 Rb4 27. Ra2 Qd4 28. Qxd4+ Rxd4 29. Ra7 Rb8 30. e5 {The position is equal.} dxe5 31. Rxe5 Rb4 32. Rxe7 Rxb2 33. Rd7 h5 34. h4 Rb3 35. Nd1 Rb1 36. Kh2 Rb4 37. Kg1 Rb1 38. f3 Kf6 39. Kh2 Ke6 40. Rd2 Bc6 41. Kg3 R8b7 42. Raa2 Ke7 43. Nf2 Bd7 44. Ne4 Be6 45. Ra3 R1b3 46. Rxb3 {Accuracy: White = 100%, Black = 91%.} 1/2-1/2

[Event "WSTCC-65 2020"]
[Site "Prague"]
[Date "2020.03.07"]
[Round "2.6"]
[White "Piza Volio, Eduardo"]
[Black "Maryasin, Boris"]
[Result "0-1"]
[WhiteElo "2255"]
[BlackElo "2305"]
[Annotator "RC"]
[PlyCount "28"]
[EventDate "2020.03.06"]
[EventType "team-tourn"]
[EventCountry "CZE"]
[SourceTitle "playchess.com"]
[Source "ChessBase"]
[SourceQuality "1"]
[TimeControl "40/5400+30:1800+30"]

1. Nf3 {[%emt 0:00:00]} Nf6 {[%emt 0:00:00]} 2. b3 {[%emt 0:00:00]} d6 {[%emt 0:00:29]} 3. Bb2 {[%emt 0:00:00]} e5 {[%emt 0:00:17]} 4. c4 {[%emt 0:04:25]} e4 {[%emt 0:03:18]} 5. Nd4 {[%emt 0:00:15]} d5 {[%emt 0:00:29]} 6. cxd5 {[%emt 0:01:37]} Qxd5 {[%emt 0:00:19]} 7. Nc2 {[%emt 0:01:54]} Nc6 {[%emt 0:01:14]} 8. Nc3 {[%emt 0:01:04]} Qh5 {[%emt 0:00:59]} 9. e3 {[%emt 0:03:14]} Bg4 {[%emt 0:01:42]} 10. Be2 {[%emt 0:00:29]} Ne5 {[%emt 0:00:28]} 11. O-O {[%emt 0:17:39]} Nf3+ {[%emt 0:01:52]} 12. gxf3 {[%emt 0:13:07]} exf3 {[%emt 0:00:26]} 13. Bb5+ {[%emt 0:19:11]} c6 {[%emt 0:00:28]} 14. Ba3 {[%emt 0:00:08]} Bxa3 {[%emt 0:00:40]} 0-1